| 000 | 00456nam a22001457a 4500 | ||
|---|---|---|---|
| 008 | 170424b xxu||||| |||| 00| 0 eng d | ||
| 020 | _a9715502474 | ||
| 082 |
_21997 _aDFil 899.2113 _bC88 |
||
| 100 |
_920170 _aCruz, Alberto S. |
||
| 245 |
_aPiling nobela: _blakandula, halimuyak, ang bungo/ _cAlberto S. Cruz. |
||
| 260 |
_aQuezon City: _bADMU Press, _cc1997. |
||
| 300 |
_a355 pages; _c18 cm. |
||
| 650 | 0 |
_920171 _aShort stories, Filipino. |
|
| 942 |
_2ddc _cDFIL |
||
| 999 |
_c6660 _d6660 |
||